00376nam a2200133 i 4500001000300000245006500003260004500068300003900113500001700152040000800169041000800177080001600185008004100201bg 0aFerrimagnetizm /cpod red. K. P. Belova, Ju. D. Tret'jakova. a[Moskva] :bIzdat. Moskov. Univ.,c1974. a206, [3] s. :brys., tab., ilustr. a[Alf. ros.]. cBPK apol a537.6+541.1 s pl f |000 0 pol